Rocket League Arenas - Statistics

General Stats
  • This quiz has been taken 149 times
  • The average score is 9 of 22
Answer Stats
Picture Answer % Correct
Aquadome
91%
Neo Tokyo
82%
Champions Field
78%
Parc de Paris
65%
Farmstead
62%
Beckwith Park
60%
Wasteland
45%
DFH Stadium
44%
Mannfield
44%
Salty Shores
41%
Forbidden Temple
39%
Utopia Coliseum
39%
Urban Central
38%
Deadeye Canyon
31%
Starbase ARC
28%
Drift Woods
27%
Estadio Vida
26%
Boostfield Mall
24%
Sovereign Heights
16%
Futura Garden
15%
Neon Fields
13%
Rivals Arena
11%
No matching quizzes found
Score Distribution
Percent of People with Each Score
Percentile by Number Answered
Your Score History
You have not taken this quiz